00525 2200193 4500001002100000005001500021035002000036245004900056100002400105250001700129300003200146260003600178082001100214084001700225020002200242650001000264008004100274990001600315INLIS00000000000063220240827084154 a0010-08240001501 aKungkang yang Berjasa /cMohd. Firdaus Husin0 aMohd. Firdaus Husin acetakan ke-3 avi, 72 hlm :bIlus ;c21 cm aJakarta :bBalai Pustaka,c2007 a398.24 a398.24 MOH k a978-979-690-485-3 4aFabel240827 0  a00000003197